MARC

LEADER 00000nam0a2200000 4500
001 291865
005 20231102000432.0
020 |a RU  |b 83-81177 
035 |a (RuTPU)RU\TPU\book\316456 
090 |a 291865 
100 |a 20150417d1983 k y0rusy5003 ca 
101 0 |a rus 
102 |a RU 
105 |a a z 001zy 
200 1 |a Химически стойкие П-бетоны  |e сборник научных трудов  |f СССР, Государственный комитет по делам строительства (Госстрой СССР) ; Научно-исследовательский институт бетона и железобетона (НИИЖБ) ; под ред. В. В. Патуроева 
210 |a Москва  |c [Б. и.]  |d 1983 
215 |a 91 с.  |c ил.  |d 20 см 
320 |a Библиография в конце статей 
606 1 |a Бетон химически стойкий  |2 stltpush  |3 (RuTPU)RU\TPU\subj\77301  |9 87723 
610 1 |a применение 
610 1 |a исследование 
610 1 |a полимеры 
610 1 |a полимербетоны 
610 1 |a диэлектрические свойства 
610 1 |a наливные сооружения 
610 1 |a долговечность 
610 1 |a агрессивные среды 
610 1 |a химически стойкие полимеррастворы 
610 1 |a полимербетонные конструкции 
610 1 |a термообработка 
610 1 |a полимербетоны 
675 |a 691.328:678  |z rus  |v 4 
702 1 |a Патуроев  |b В. В.  |g Василий Васильевич  |4 340 
712 0 1 |a СССР  |b Государственный комитет по делам строительства (Госстрой СССР)  |c (1950-1991)  |2 stltpush  |3 (RuTPU)RU\TPU\col\7934 
712 0 2 |a Научно-исследовательский институт бетона и железобетона (НИИЖБ)  |2 stltpush  |3 (RuTPU)RU\TPU\col\20214 
801 0 |a RU  |b RuMRKP  |c 19950704  |g psbo 
801 1 |a RU  |b 63413507  |c 20150417 
801 2 |a RU  |b 63413507  |c 20180423  |g RCR 
942 |c BK